00687nam a2200157Ia 4500008004100000040001800041041000800059100003100067245008400098260004900182300001800231500014900249500002100398650005700419650005300476130821s1954 ve gr spa  aCo-BoUCMbspa00aspa1 aLecuna, Vicented1870-195410aRelaciones diplomáticas de Bolívar con Chile y Buenos AirescVicente Lecuna aCaracas (Venezuela)bImprenta Nacionalc1954 a388 páginas aCopiadas fielmente de los originales existentes en las secciones del Archivo del Libertador denominadas de O'Leary y Juan de Francisco Martín. aIncluye índice04aGran ColombiabRelaciones internacionaleszArgentina04aGran ColombiabRelaciones internacionaleszChile